Biblioteca

A la mafia con amor / Marta Estrada (Registro nro. 36788)

Detalles MARC
000 -LÍDER
Campo fijo de descripción fija 005250000a22001930004500
020 ## - NÚMERO INTERNACIONAL NORMALIZADO PARA LIBROS
Número Internacional Normalizado del libro 958-9149-53-7
041 0# - CÓDIGO DE IDIOMA
Código de idioma para texto/pista de sonido o título separado
082 04 - NÚMERO DE CLASIFICACIÓN DECIMAL DEWEY
Número de clasificación G 253.9 E821m
001 - NÚMERO DE CONTROL
Campo de control 6518
100 1# - ASIENTO PRINCIPAL--NOMBRE PERSONAL
Nombre personal Estrada, Marta
245 10 - TÍTULO
Título del Material A la mafia con amor / Marta Estrada
260 ## - PUBLICACIÓN, DISTRIBUCIÓN, ETC. (PIE DE IMPRENTA)
Lugar de publicación, distribución, etc. [S.L] : CLC (ver Centros de Literatura Cristiana)
300 ## - DESCRIPCIÓN FÍSICA
Extensión 318 Pag
336 ## - CONTENT TYPE
Content type term texto
Content type code txt
Source rdacontent
337 ## - MEDIA TYPE
Source rdamedia
Media type term sin mediación
Media type code n
338 ## - CARRIER TYPE
Source rdacarrier
Carrier type term volumen
Carrier type code nc
500 ## - NOTA GENERAL
Nota General Título original : To the mafia with love
942 ## - TIPO DE MATERIAL (KOHA)
Tipo de Item KOHA Libros General
Existencias
Estado de Material Estado de Perdido Estado de Dañado No para Préstamo Colección Tomo Biblioteca de Origen Biblioteca Permanente Fecha de Adquisición Total de Préstamos Signatura Topográfica Código de Barras Última vez visto Ejemplar/Existencia Fecha de Remplazo Tipo de Material
        Colección General   Biblioteca FUSBC Biblioteca FUSBC 04/01/2005   G 253.9 E821m 13761 12/12/2019 3 26/01/2016 Libros General
        Colección General   Biblioteca FUSBC Biblioteca FUSBC 04/01/2005   G 253.9 E821m 5492 12/12/2019 2 26/01/2016 Libros General
        Colección General   Biblioteca FUSBC Biblioteca FUSBC 04/01/2005   G 253.9 E821m 5491 12/12/2019 1 26/01/2016 Libros General

Biblioteca FUSBC | Teléfono: (57+4) 349 88 10 Ext. 141| WhatsApp (+57) 3005338115 
E-mail: biblioteca@unisbc.edu.co | Calle 76 87-14 Robledo Palenque, Medellín, Colombia

Con tecnología Koha